000 00403nam a2200157Ia 4500
003 GCL
008 140319s9999 xx 000 0 ara d
040 _aGCL /
_cGCL
082 0 4 _aد
_b050
100 1 _aعباس خضر
245 1 0 _aخطى مشيناها ( اقرا 422 ) /
_cعباس خضر
300 _a280 ص
490 _aوثائق ونصوص
_v0
650 0 4 _aعباس خضر
942 _2ddc
_cCF
999 _c27186
_d27186